000 00363cam a2200145ua 4500
041 _aeng
_h
082 _a823.308
_bPRO/CI
100 _aProust, Marcel.
245 _aCities of the plain, Part 1 /
_cMarcel Proust.
_hTextual Documents
260 _aLondon :
_bChatto and Windus ,
_c1961.
300 _a351 ; .
504 _a
942 _cBK
999 _c6838
_d6838